The complete farmer (Record no. 113802)

MARC details
000 -LEADER
fixed length control field 01979cam a22001815a 4500
001 - CONTROL NUMBER
control field L155763
008 - FIXED-LENGTH DATA ELEMENTS--GENERAL INFORMATION
fixed length control field 120416s1766 xxk f 000 0 eng d
035 ## - SYSTEM CONTROL NUMBER
System control number (Sirsi) u155763
041 0# - LANGUAGE CODE
Language code of text/sound track or separate title eng
100 1# - MAIN ENTRY--PERSONAL NAME
Personal name Society of Gentlemen
245 04 - TITLE STATEMENT
Title The complete farmer
Remainder of title or, a general dictionary of husbandry, in all its branches; Containing the Various Methods of Cultivating and Improving every Species of Land, According to the Precepts of both the old and new Husbandry. In which every Thing valuable from the best Writers on this Subject will be extracted, viz. Linnaeus, Chateauvieux, the Marquis of Turbilly, Platt, Evelyn, Worlidge, Mortimer, Tull, Ellis, Miller, Hale, Lisle, Roque, Mills, &c. Together with A Great variety of new discoveries and improvements. Also The Whole Business of Breeding, Managing, and Fattening Cattle of all Kinds; and the most approved Methods of curing the various Diseases to which they are subject. Together with the Method of raising Bees, and of acquiring large Quantities of Wax and Honey, without destroying those laborious Insects. Likewise the useful Parts of Gardening; or those necessary for the Farmer, and Country Gentleman. Illustrated with a great Variety of Folio Copper-Plates, finely engraved; exhibiting all the Instruments used in this necessary Art; particularly those lately invented, and presented to the Society for the Encouragement arts, &c. in London; many of which have never yet appeared in any Work of this Nature. By a society of gentlemen, Members of the Society for the Encouragement of Arts, Manufactures, and Commerce
260 ## - PUBLICATION, DISTRIBUTION, ETC.
Place of publication, distribution, etc. London
Name of publisher, distributor, etc. printed for the authors; and sold by S. Crowder, at the Looking-Glass; J. Coote, at the King's Arms, in Paternoster-Row; and F. Blythe, near the Royal Exchange
Date of publication, distribution, etc. MDCCLXVI. [1766]
300 ## - PHYSICAL DESCRIPTION
Extent [724] p., plates
Dimensions 2o
583 0# - ACTION NOTE
Action Condition reviewed
Time/date of action 20120620
Status condition level 4, detached boards
651 #4 - SUBJECT ADDED ENTRY--GEOGRAPHIC NAME
Geographic name Great Britain
Chronological subdivision 1707-
690 ## - LOCAL SUBJECT ADDED ENTRY--TOPICAL TERM (OCLC, RLIN)
Topical term or geographic name as entry element Rural
9 (RLIN) 6268
942 ## - ADDED ENTRY ELEMENTS (KOHA)
Suppress in OPAC 0
Holdings
Withdrawn status Lost status Source of classification or shelving scheme Damaged status Not for loan Home library Current library Shelving location Date acquired Total Checkouts Full call number Barcode Date last seen Copy number Price effective from Koha item type
    Dewey Decimal Classification     Historic collection Historic collection Historic collection 16/04/2012   FOLIO 1766 SOCIETY 30075532 06/08/2019 1 06/08/2019 Book